000 02297cam a22004934i 4500
003 PE-LiUPU
005 20250731172934.0
008 150623s1997 idua rb 000 0 spa d
035 _a(Sirsi) a20699
040 _aPE-LiUPU
_bspa
_cPE-LiUPU
_dPE-LiUPU
_erda
082 0 4 _a226.507
_bV39
_221
100 1 _aVeloso, Mario,
_eautor.
245 1 0 _aComentario del evangelio de Juan /
_cMario Veloso.
264 1 _aIdaho :
_bPacific Press Publishing Association,
_c1997.
300 _a517 páginas :
_bilustraciones ;
_c25 centímetros
336 _atext
_2rdacontent
337 _aunmediated
_2rdamedia
338 _avolume
_2rdacarrier
504 _aBibliografía: páginas 515-517.
505 0 _aUna explicación -- Propósito y destinatario -- Autor y fecha -- El autor del evangelio es anónimo -- Problema de la estructura -- El prólogo del evangelio -- La acción misional pública -- La hora de la gloria -- Epílogo -- Apéndices.
526 _aSEG42
526 _aSEG41
526 _aSEG40
526 _aSEG39
526 _aP94
526 _aP87
526 _aP86
526 _aP85
526 _aP77
526 _aP76
526 _aP35
630 _aBiblia.
_pN.T.
_pJuan
_xComentarios.
910 _bksl
_cksl
_d20190527
942 _2ddc
_cBOOK
949 _a226.507 C13
_wDEWEY
_c1
_i44207
_lCCODEBUL1
_mBUL
_p9.10
_r0
_sY
_tBOOK
_u2015-06-24
_xTEOLOGIA
_PP35
_0COMPRA
_o.STAFF. Colección Teología
949 _a226.507 V42
_wDEWEY
_c2
_i39043
_lCCODEBUL1
_mBUL
_p9.10
_r0
_sY
_tBOOK
_u2015-06-24
_xTEOLOGIA
_PP35
_0COMPRA
_o.STAFF. Colección Teología
949 _a226.507 C13 1997
_wDEWEY
_c1
_iFT03524
_lCCODEBUT1
_mBUT
_p{Dolar}20.00
_r0
_sY
_tBOOK
_u2015-06-24
_xBIBLIOTECA
_zUNKNOWN
_o.STAFF. Colección General Tarapoto
994 _aC0
_bPEPRU
596 _a1 2
999 _a226.507 C13
_wDEWEY
_c21085
_i44207
_d21085
_e2019-10-28
_f2021-11-9
_g5
_lCCODEBUL1
_mBUL
_n8
_p9.10
_q20
_r0
_sY
_tBOOK
_u2015-6-24
_xTEOLOGIA
_PP35
_0COMPRA
_o.STAFF. Colección Teología
999 _a226.507 C13 1997
_wDEWEY
_c1
_iFT03524
_f2019-2-20
_g1
_lCCODEBUT1
_mBUT
_p20.00
_r0
_sY
_tBOOK
_u2018-5-18
_xBIBLIOTECA
_PP35
_0DONACION
_o.STAFF. Coleccion general
980 _81
_gALBERTO SANCHEZ Responsable de Automatización